000 00936nam a2200229 a 4500
001 65171
003 BD-RjUL
005 20211209081408.0
008 170301s1969 ii |||| |||| 000 0 ben d
020 _c: Tk. 6.50
035 _a(BD-RjUL)65301
040 _aBD-RjUL
_bben
_cBD-RjUL
_dBD-RjUL
041 _aben
082 _223
_a891.4409
_bGUP 1969
100 1 _aগুপ্ত, নলিনী নাথ দাস
_9193006
245 1 0 _aপুরাতনী /
_cনলিনী নাথ দাস গুপ্ত,
260 _aকলিকাতা :
_bসম্বোধি পাবলিকেশন্স প্রাইভেট লিমিটেড,
_c১৯৬৯
300 _a[৮] , ১৯৯ পৃ. ;
_c১৯ সেমি.
650 _aবাংলা সাহিত্য
_xইতিহাস ও সমালোচনা
_9179529
650 _aBengali Literature
_xHistory and Criticism
_9188646
942 _2ddc
_cBK
999 _c65171
_d65171